Bố già = The godfather /

Đã lưu trong:
书目详细资料
Những tác giả chính: Đoàn Tử Huyến, Trịnh Huy Ninh
格式: Sách giấy
语言:Vietnamese
出版: : , 1988
标签: 添加标签
没有标签, 成为第一个标记此记录!
Thư viện lưu trữ: Thư viện Trường Đại học Đà Lạt
LEADER 00621nam a2200265 4500
001 DLU020006876
005 ##5/5/2000
020 # # |a 978- 
041 # # |a vie 
082 # # |a 813  |b PU-M 
090 # # |a 813  |b PU-M 
100 # # |a Đoàn Tử Huyến 
100 # # |a Trịnh Huy Ninh 
245 # # |a Bố già =  |b The godfather /  |c Trịnh Huy Ninh, Đoàn Tử Huyến, Puzo Mario 
260 # # |a  :  |b  ,  |c 1988 
300 # # |a 592 tr.;   |c 19 cm. 
992 # # |a 12250 
994 # # |a DLU 
900 # # |a False 
911 # # |a Administrator 
925 # # |a G 
926 # # |a A 
927 # # |a SH 
980 # # |a Thư viện Trường Đại học Đà Lạt